| 000 | 00795nam a2200193Ia 4500 | ||
|---|---|---|---|
| 008 | 220216s9999 xx 000 0 und d | ||
| 100 | _aZhang Yu | ||
| 245 | 0 | _aFunctional analysis of HbMlo12 in powdery mildew infection and stress response in the rubber tree Hevea brasiliensis Muell Arg | |
| 260 | _bSustainability of the NR Industry: Issues, Challenges & Opportunities: International Rubber Conference, 21-22 November 2016, Cambodian Rubber Research Institute (CRRI) and International Rubber Research and Development Board (IRRDB), Siem Reap, Cambodia, pp.310-326. | ||
| 650 | _aHbMlo12 | ||
| 650 | _aHevea brasiliensis | ||
| 650 | _aPhytohormone | ||
| 650 | _aPowdery mildew | ||
| 650 | _aStress | ||
| 700 | _aHe Hai-xia | ||
| 700 | _aQin Bi | ||
| 700 | _aWang Meng | ||
| 942 | _cJS | ||
| 999 |
_c59623 _d59623 |
||